000 00424 a2200133 4500
000 nam a22 7a 4500
100 _aSukthankar, Bhalchandra Sitaram
110 _aSukthankar, Bhalchandra Sitaram
245 _aLokmanya Bal Gangadhar Tilak's, Srimad Bhagavadgita Rahasya or Karma Yoga-Sastra
250 _aLatest edition
260 _bManohar Publishers
_c2026
264 _bManohar Publishers
_c2026
942 _cBK
999 _c395875
_d395875